000 00634nam a2200241Ia 4500
003 OSt
005 20221007101224.0
006 a|||||r|||| 00| 0
007 ta
008 221006b |||||||| |||| 00| 0 eng d
024 _a6,057
037 _cTextual
040 _aLCO
_cLCO
_beng
041 _2eng
_aeng
082 _aO111,4M89, K1
100 _aNEHRU JAWAHAR LAL
245 0 _aThe Discovery of India.
260 _aBombay
_bAsia Publishing House
_c1961
300 _a582
650 _aDISCOVERY OF INDIA
_9702730
942 _hO111,4M89, K1
_cTEXL
999 _c1175620
_d1175620